Atletico Madrid 2020s Champions League Scorers - Statistics

General Stats
  • This quiz has been taken 31 times
  • The average score is 16 of 23
Answer Stats
Goals Nationality Player % Correct
17 French Antoine Griezmann
100%
8 Spanish Alvaro Morata
97%
7 Argentine Julian Alvarez
97%
2 Uruguayan Jose Gimenez
87%
5 Spanish Marcos Llorente
87%
2 Belgian Yannick Carrasco
87%
1 Ghanian Thomas Partey
83%
5 Argentine Angel Correa
80%
7 Portuguese Joao Felix
80%
1 Montenegrin Stefan Savic
80%
2 Spanish Saul Niguez
77%
1 English Conor Gallagher
73%
1 Mexican Hector Herrera
67%
1 Uruguayan Luis Suarez
67%
1 Argentine Giuliano Simeone
63%
1 Dutch Memphis Depay
60%
3 Argentine Rodrigo De Paul
57%
1 Brazilian Renan Lodi
53%
1 Argentine Nahuel Molina
50%
3 Brazilian Samuel Lino
47%
1 Spanish Pablo Barrios
43%
1 Brazilian Felipe
37%
3 Spanish Mario Hermoso
27%
No matching quizzes found
Score Distribution
Percent of People with Each Score
Percentile by Number Answered
Your Score History
You have not taken this quiz